[Event "Hastings 7879"]
[Site "Hastings ENG"]
[Date "1978.??.??"]
[Round "11"]
[White "Andersson, Ulf"]
[Black "Christiansen, Larry M"]
[Result "1-0"]
[WhiteElo "2545"]
[BlackElo "2490"]
[EventDate "1978.12.??"]

1. Nf3 Nf6 2. c4 g6 3. Nc3 Bg7 4. e4 c5 5. d4 O-O 6. Be2 cxd4 7. Nxd4 Nc6 
8. Be3 d6 9. O-O Bd7 10. Rc1 Nxd4 11. Bxd4 Bc6 12. f3 a5 13. b3 Nd7 14. 
Bxg7 Kxg7 15. Qd4+ Kg8 16. Rfd1 Nc5 17. e5 Qb6 18. exd6 exd6 19. Rb1 Qb4 
20. Bf1 Rad8 21. Qd2 Rfe8 22. Rb2 Qb6 23. Qf2 Qb4 24. Nb1 Ne6 25. a3 Qc5 
26. b4 axb4 27. axb4 Qe5 28. Re2 Qa1 29. Ra2 Qe5 30. Ra5 d5 31. cxd5 Rxd5 
32. Rdxd5 Bxd5 33. Qd2 b5 34. Rxb5 Nd4 35. f4 Ne2+ 36. Bxe2 Qxe2 37. Rxd5 
Qe1+ 38. Qxe1 Rxe1+ 39. Kf2 Rxb1 40. b5 D {Vezove koncovky tohoto typu 
(nejaky pocet pescu na jednom kridle a volny pesec na druhem kridle se 
casto vidi v praxi. Bileho pla sestava z podpory voleho pesce pomoci krale
a veze. Ale musi obetovat pesce kralovskeho kridla a pohzdeji mit cas 
zastavit volne pesce s vezi navic a kralem. } 40. ... h5? {ztraci tempo. 
Toto se ukazuje jako rozhodujici v teto partii. 
} ( 40. ... Rb2+ {neni lepsi protoze} 41. Ke3 Rxg2 42. Rd2 Rg1 43. Rb2 {
stare pravidlo Tarrasche se osvedcuje znovu.} ) ( 40. ... Rb3 {je 
komplikovanejsi, ale take nedostatecne:} 41. Ke2 Kf8 42. Kd2 Ke7 43. Kc2 
Rb4 44. Kc3 Rb1 ( 44. ... Rxf4 45. b6 Rf6 46. Rb5 Rc6+ 47. Kd4 Rc8 48. b7 
Rb8 49. Kc5 +- ) 45. Kc4 Rb2 46. Rd3 h5 ( 46. ... Rxg2 47. b6 Rc2+ 48. Rc3
Rb2 49. Rb3 Rc2+ 50. Kd4 +- ) 47. Rb3 Rxg2 48. b6 Rc2+ 49. Kd4 Rd2+ ( 
49. ... Rc8 50. b7 Rb8 51. Kc5 +- ) 50. Kc3 Rd8 51. Kb4 +- ) ( {Ale 
nejlepsi idea je centralizace krale:} 40. ... Kf8! 41. Ke3 Ke7 42. Kd4 Ke6
43. Rc5 Kd6 44. Rc6+ Kd7 45. Kc5 Rb2 {s protihrou. Kral je nyni velmi 
efektivni v obrane, zatimco po tahu v partii je odrezan od damskeho 
kridla. } ) 41. Ke3 Rb2 42. Kd4 Rxg2 D {Ve vezovych kocovkach tohoto typu 
je obvykle potreba hode pocitat. Po 43.b6, pocítejte dve varianty 
43...Rxh2 a 43.Rb2} 43. b6 +- {Kral, vez a volny pesec spolupracuji dobre 
a po promene pesce b je bily kral  dostatecne blizko aby zastavil cerne 
pesce. } 43. ... Rb2 ( 43. ... Rxh2 44. Kc3 Rh3+ 45. Kc2 Re3 46. Rd8+ Kg7 
47. b7 +- ) 44. Kc5 Rc2+ 45. Kb5 Rxh2 D 46. Rd4! {Toto ziskava tempo 
jelikoz bily nyni hrozi 47.b7 Rb2 48.Rb4 s vyhrou. Cerny je nucen se 
vratit na 8. radu} 46. ... Re2 47. b7 Re8 48. Rc4! {zaverecna varianta je 
vynucena. Cedrny musi vzdat vez za pesce a potom bily rychle prevede krale
a kralovske kridlo. } 48. ... Kg7 49. Rc8 Re1 50. b8=Q Rb1+ 51. Kc4 ( 51. 
Kc4 Rxb8 52. Rxb8 Kf6 53. Kd3 Kf5 54. Ke3 +- ) 1-0

[Event "Johannesburg"]
[Site "Johannesburg"]
[Date "1981.??.??"]
[Round "4"]
[White "Andersson, Ulf"]
[Black "Huebner, Robert"]
[Result "1-0"]
[WhiteElo "2600"]
[BlackElo "2640"]
[EventDate "1981.08.??"]

1. Nf3 d5 2. d4 Nf6 3. c4 dxc4 4. Qa4+ Nbd7 5. g3 e6 6. Bg2 a6 7. Nc3 Be7 
8. Ne5 Rb8 9. Nxd7 Qxd7 10. Qxc4 b5 11. Qd3 Bb7 12. Bxb7 Rxb7 13. Qf3 Rb6 
14. O-O Qc6 15. Qxc6+ Rxc6 16. Bg5 Nd5 17. Nxd5 exd5 18. Bxe7 Kxe7 19. 
Rfc1 Rxc1+ 20. Rxc1 Kd6 21. f3 c6 22. Kf2 Re8 D {S peclive propocitanou 
serii vymen, Andersson vyvolal Andersson zpozdeneho pesce na c6 a tudiz 
zajisti si trvalou vyhodu v koncovce. Ale velkolepa technika koncovek a 
mistrovska strategie jsou potreba k promene jedne slabiny ve vyhru. Je 
znamy fakt, ze obvykle jsou potreba dve slabiny aby jedna strana vyhrala 
koncovku. Muzete se vratit zpatky na priklady tohoto tematu v kapitole 1 -
Hra proti dvema slabinam.} 23. g4! {Toto je dulezity strategicky postup 
pescem. Je zalozen na dvou ideach: Bileho hlavni plan sestava z vynuceni 
postupu e2-e4. Cerny by mohl to zmarit .... f7-f5, ale tato moznost je 
nyni vyloucena. Druha idea muze se videt v poradi tahu Rc2 a potom Kg3-f4,
aktivujice krale. } 23. ... a5 24. h4 g6 25. Rc2 h6 {Jestli se cerny 
pokusi osvobodit 25...f5, bily muze dosahnout vyhodu pomoci } ( 25. ... f5
26. gxf5 gxf5 27. Kg3 { 28. Kf4 Cerny musi branit pesce f5 pomoci ... Rf8 
a bily muze potom po e2-e3 s dalsim Rg2, ziskat sloupec g s rozhodujici 
vyhodou.  }) 26. Kg3 g5 {Toto je jedina moznost zabranit bilemu ziskat 
prostor 27.Kf4. Nyni 27.hxg5 by byla chyba, jelikoz cerny muze zajistit 
vyrovnanou koncovku obsazenim sloupce h. } 27. h5 f6 D {Pescova struktura 
byla fixovana. Jak vypada plan bileho? } 28. Kf2 {Nyni manevrovanim kralem
na d23, bily pripravuje postup e2-e4. Neni mozna protihra ... f6-f5 
jelikoz na Rf8 se hraje e4} 28. ... Kc7 29. e3 Kb6 30. Ke2 Rc8 31. Rc5! {
TOto brani osvobozujici postup ... c6-c5 a ma pesec d5 po e3-e4 bude 
ohrozen. } 31. ... Re8 32. Kd3 Re7 33. e4 {Postup po kterem touzil byl 
dosazen a klade na cerneho tezky ukol. } 33. ... Rd7 ( 33. ... dxe4+ 34. 
fxe4 Re6 35. Rf5 a4 ( 35. ... Kc7 36. a4! +- ) 36. e5 fxe5 37. dxe5 Kc5 
38. Ke4 +/- ) 34. a3 Rd8 35. Rc1 {BIly neni vyuziva nasledujicho manevru 
veze k dosazeni casove kontroly bez spachani neceho duleziteho:  po casove
kontrole znovu zacne s aktivni hrou. } 35. ... Rd7 36. Rc2 Rd8 37. Rc3 Rd7
38. Rc2 Rd8 39. Rc1 Rd7 40. Rc5 Rd8 D 41. b4 {Tento postup byl v kartach 
dlouhou dobu a bily nakonec ziskava kontrolu na poli c5. Cerna vez a kral 
jsou vazanik c6 a d5 pescum. } 41. ... axb4 ( 41. ... a4 42. exd5 cxd5 43.
 Kd2! {a cerny je v zugzwangu, } 43. ... Rd6 44. Rc8 +- ) 42. axb4 Rd7 ( 
42. ... dxe4+ 43. fxe4 Ra8 44. d5 cxd5 45. exd5 Ra4 ( 45. ... Ra3+ 46. Kd4
Rf3 47. Rc6+ Kb7 48. Kc5 +- ) 46. Rc6+ Kb7 47. Kc3 Ra1 48. Kd4 Rg1 49. 
Rxf6 Rxg4+ 50. Kc5 +- ) 43. exd5 Rxd5 ( 43. ... cxd5 44. Rc8 f5 45. gxf5 
Rf7 46. Rh8 Rf6 47. Rh7 {jedine tahy co muze cerny delat jsou vynucene a 
nemuze zabranit manevru Rg7-g6: } 47. ... Kc6 48. Ke3 Kd6 49. Rb7 Kc6 50. 
Ra7 Kb6 51. Rg7 { 52. Rg6 +- }) 44. Ke4 Rd8 45. d5! {Bily se zbavuje 
slabeho pesce d aby pokracoval se ziskem pescu kral. kridla. } 45. ... 
Re8+ ( 45. ... cxd5+ 46. Rxd5 Re8+ 47. Kf5 Re3 {vede k pozici v partii} ) 
46. Kf5 cxd5 47. Rxd5 Re3 48. Kxf6 Rxf3+ D {zde je kamen urazu skryt. 
Ktery tah kralem je presnejsi 49.Kg7 nebo Kg6?} 49. Kg7 ( 49. Kg6 Rf4 50. 
Kxh6 Rxg4 51. Kg7 Rxb4 52. h6 Rh4 53. h7 Ka5 54. Rxg5 Ka4 55. Rg6 Rxh7+ 
56. Kxh7 b4 57. Rb6 b3 = ) 49. ... Rf4 50. Rd6+! {Toto je pointa za 
49.Kg7. Sachem na 6. rade vez zahani krale do pasivnejsi pozice. Tudiz ve 
srovnani s variantou uvedenou, kral nemuze dosahnout aktivniho postaveni 
na a5 a vynutit remizu pescem b. } 50. ... Kc7 51. Rxh6 ( 51. Rxh6 Rxb4 
52. Rg6 Rxg4 53. h6 Re4 ( 53. ... Rh4 54. h7 Rxh7+ 55. Kxh7 b4 56. Rxg5 
Kb6 57. Kg6 {Bily udelal barieru na 5.rade. Cerny je bezmocny.} 57. ... b3
58. Rg3 ) 54. h7 Re7+ 55. Kh6 Re1 56. h8=Q Rh1+ 57. Kg7 Rxh8 58. Kxh8 g4 (
58. ... b4 59. Kg7 b3 60. Rxg5 Kc6 61. Rg3 +- ) 59. Kg7 g3 60. Kf7 g2 ( 
60. ... b4 61. Rxg3 Kc6 62. Rg5 +- ) 61. Rxg2 Kb6 62. Rg5 +- D ) 1-0

[Event "Interpolis"]
[Site "Tilburg NED"]
[Date "1981.10.??"]
[Round "1"]
[White "Andersson, Ulf"]
[Black "Miles, Anthony J"]
[Result "1-0"]
[WhiteElo "2600"]
[BlackElo "2565"]
[EventDate "1981.10.??"]

1. c4 c5 2. g3 g6 3. Bg2 Bg7 4. e3 e6 5. Nc3 Nc6 6. Nge2 Nge7 7. d4 cxd4 
8. Nxd4 d5 9. cxd5 Nxd5 10. Nxd5 Nxd4 11. Nc3 Nc6 12. Qxd8+ Nxd8 13. Bd2 
O-O 14. Rc1 Bd7 15. O-O Bc6 16. Rc2 Bxg2 17. Kxg2 Nc6 18. Ne4 Rfd8 19. Bc3
Rac8 20. Bxg7 Kxg7 21. Rfc1 Rb8 22. a3 a5 23. Rc3 f5 24. Nc5 Rd6 25. Rb3 
b5 26. Rd3 Rxd3 27. Nxd3 Rb6 28. f4 Kf6 29. Kf3 e5 30. fxe5+ Nxe5+ 31. 
Nxe5 Kxe5 32. Rc5+ Kd6 33. b4 D {Bily ma vyhodu v koncovce pro jeho 
aktivni vez a pesce b5. Navic bily kral muze vniknout na kralovske kridlo 
. To muze cernxy tezko branit. } 33. ... Rb7 34. h4 a4 35. Kf4 Ke6 D {jak 
muze bily zvetsit pozicni vyhodu? } 36. h5! {Bily hrozi bud oslabit pesce 
g nebo dokonce zafixovat pesce ha h5-h6} 36. ... Kf6 37. Rc6+ Kf7 38. Rc5 
Rd7?! {Cerny nyni se pokousi branit aktivne. Je mimoradne tezke se 
rozhodnout mezi aktivni a pasivni obranou. V kazdem pripade to zavisi na 
specifickych variantach a strukturam. V teto partii to byla ponekud 
pasivni obrana ktera byla vyvolana: } ( 38. ... Kf6 39. g4 g5+ ( 39. ... 
fxg4 40. h6 g3 41. Kxg3 Re7 42. Kf4 Rb7 43. e4 +/- {a bily ma jasnou 
pozicni vyhodu, ale problemy jak ji uplatnit.} ) 40. Kf3 fxg4+ 41. Kxg4 h6
42. Rc6+ Kg7 43. Kf3 += ) 39. Rxb5 Rd3 40. Rb7+ Kf6 ( 40. ... Kg8 41. h6 
Rxa3 42. Rg7+ Kh8 43. Re7 Kg8 44. Kg5 +- ) 41. Rxh7 g5+ 42. Kf3 Rxa3 43. 
Ra7 {Casto veze patri za volne pesce.} 43. ... Ra2 44. Ra6+ Ke5 D ( 
44. ... Kg7 45. g4 ) 45. g4 {jediny tah, jinak by mel bily osklive 
prekvapeni.} 45. ... fxg4+ 46. Kxg4 Rg2+ 47. Kh3 Rb2 ( 47. ... Ra2 48. h6 
Ra1 49. Kg2 Ra2+ 50. Kf3 Rh2 51. Ra5+! Kf6 52. Rxa4 +- ) 48. Rxa4 Ke4 49. 
Kg3 Rb1 ( 49. ... Kxe3 50. h6 Rb1 51. Kg4 Rg1+ 52. Kf5 Rh1 53. Kg6 +- {Ve 
vezovych koncovkach je tato konstelace nazyvana "Destnik. Cerny pesec g 
chrani bileho krale od sachu, umozni promenit pesce bez prekazek.} ) 50. 
h6 Rg1+ ( 50. ... Rh1 51. Ra6 Kf5 52. b5 ) 51. Kf2 Rh1 52. Ra6 Kd5 53. Kg3
Rh4 54. Rg6 Ke4 ( 54. ... Kc4 55. b5 +- ) 55. b5 Kf5 56. Rc6 Re4 57. Kf2 
Re7 58. b6 Rb7 59. Kg3 1-0

[Event "Reggio Emilia-A 8687 29th"]
[Site "Reggio Emilia ITA"]
[Date "1986.??.??"]
[Round "?"]
[White "Andersson, Ulf"]
[Black "Nogueiras Santiago, Jesus"]
[Result "1-0"]
[WhiteElo "2600"]
[BlackElo "2570"]
[EventDate "1986.12.??"]

{str. 177} 
1. Nf3 d5 2. g3 b6 3. Bg2 Bb7 4. O-O e6 5. d4 Nf6 6. c4 dxc4 7. Qa4+ Nbd7 
8. Bg5 c5 9. Bxf6 gxf6 10. Qxc4 Bg7 11. Nc3 O-O 12. Rfd1 cxd4 13. Qxd4 Bc6
14. Qe3 Rc8 15. Nd4 Bxg2 16. Kxg2 a6 17. Rac1 f5 18. Nf3 Rc7 19. Na4 Qb8 
20. Qd3 b5 21. Rxc7 Qxc7 22. Qxd7 Qxd7 23. Rxd7 bxa4 24. Rb7 Bf6 25. Rb4 
a3 26. bxa3 Rc8 27. e3 Rc2 28. Ra4 Rxa2 29. Rxa6 Be7 30. a4 Bc5 31. Kf1 
Ra1+ 32. Kg2 Ra2 33. Nd4 Bxd4 34. exd4 Rd2 35. Rd6 Kf8 36. a5 D {Bily ma 
zde vyhodu pro vzdaleneho volneho pesce a moznost jeho kryti ze straxy. 
Toto znamena ze muze ziskat sance na vyhru prevedenim krale do blizkosti.}
36. ... Ke7 37. Rb6 Rxd4 38. a6 Ra4 {Cerny se brani podle knihy - umisti 
vez za souperova volneho pesce. Bily nyni priblizi sveho krale.} 39. Rb7+ 
Kf6 40. a7 {Jedina moznost pro cereho branit pochodu krale na damske 
kridlo sestava s energicke protihry na kralovskem kridle aktivaci pescu. 
Poznamka: Jestli by bila vez byla na a8 nemel by sance a vyhru protoze vez
je pasivni. Takze jako generalni pravidlo, kryti volneho pesce ze strany 
by se melo dat prednost. } 40. ... Ra3 ( 40. ... e5 41. Kf3 h5 42. Ke2 Ra3
43. Kd2 Ke6 44. Kc2 f6 45. Kb2 Ra6 46. Kc3 Kd5 47. Kb4 Kc6 48. Rf7 Ra2 49.
 Rxf6+ Kb7 50. Rxf5 Kxa7 51. h4 +- ) 41. Kf1 ( 41. f4 Kg6 42. Kf2 f6 43. 
Ke2 e5 {s protihrou} ) 41. ... Kg6 42. Ke2 {cerny jeste ma dostatecne 
zdroje k protihre. Co by mel hrat?} 42. ... f4! {Zajimavy pokus zachranit 
partii. } ( 42. ... e5 43. Kd2 Kf6 44. Kc2 e4 45. Kb2 Ra4 46. Kb3 Ra1 47. 
Kc4 +- ) 43. gxf4 ( {ani 43.Kd2 neovlivni protihru cerneho: } 43. Kd2 f6 
44. Kc2 h5 45. Kb2 Ra6 46. Kb3 fxg3 47. hxg3 Kf5 48. Kb4 Ke4 49. Kb5 Ra1 
50. Kb6 Kf3 51. Rh7 f5 52. Rxh5 Rb1+ 53. Kc7 Ra1 54. Kb7 Rb1+ 55. Ka8 Kxf2
56. Rg5 Rb2 57. Rg8 e5 58. Rb8 Ra2 59. Rb5 e4 60. Rxf5+ Kxg3 = ) 43. ... 
f6 44. Kd2 D Kf5?? {Blunder. Po 44...h5 cerny by jeste mel vaznou protihru
k dispozici. NEdokazali jsme najit jasne pokracovani k vyhre: } ( 44. ... 
h5 45. Kc2 Kf5 46. Kb2 Ra6 47. Kb3 Ra1 ( 47. ... Kxf4? 48. Rb4+ Kf3 49. 
Ra4 +- ) 48. Kc4 Kxf4 49. Kb5 Kf3 50. Kb6 Kxf2 51. Rb8 ( 51. Re7 Rb1+ 52. 
Kc7 Ra1 53. Kb8 e5 54. Re6 Kg2 55. Kb7 Rxa7+ 56. Kxa7 h4 57. Rxf6 Kxh2 = )
( 51. Rh7 e5 52. Rxh5 Rb1+ 53. Ka6 Ra1+ 54. Kb7 Rb1+ 55. Kc7 Rc1+ 56. Kd6 
Ra1 57. Rh7 e4 = ) 51. ... e5 52. Rf8 ( 52. a8=Q Rxa8 53. Rxa8 e4 54. Rf8 
e3 55. Rxf6+ Kg2 56. Kc5 e2 57. Re6 Kf2 58. Kd4 e1=Q 59. Rxe1 Kxe1 60. Ke3
h4 = 61. Kf3 h3 62. Kg4 Kf2 63. Kxh3 Kf3 64. Kh4 Kf4 65. Kh5 Kf5 66. h4 
Kf6 67. Kh6 Kf7 68. Kh7 Kf8 = ) 52. ... h4 53. Rxf6+ Kg2 = ) 45. Rxh7 +- 
Kxf4 46. Rg7 f5 47. h4 Ke5 48. h5 1-0

[Event "Malmo"]
[Site "Malmo SWE"]
[Date "1994.??.??"]
[Round "2"]
[White "Andersson, Ulf"]
[Black "Brynell, Stellan"]
[Result "1-0"]
[WhiteElo "2620"]
[BlackElo "2485"]
[EventDate "1994.06.??"]
[Annotator "Ernst - Kaufeld, Kern Grandmaster Chess Strategy"]

1. d4 {Krasenkov} 1. ... e6 2. Nf3 Nf6 3. g3 b6 4. Bg2 Bb7 5. O-O Be7 6. 
c4 O-O 7. Nc3 Ne4 8. Qc2 Nxc3 9. Qxc3 c5 10. b3 Bf6 11. Bb2 cxd4 12. Nxd4 
Bxg2 13. Kxg2 d5 ( 13. ... Nc6 = {Pomar-Spassky/Havanna ol/1966/} ) 14. 
Rfd1 Nc6 15. Qc2 Nxd4 16. Bxd4 Rc8 ( 16. ... dxc4 17. Qxc4 += ) 17. Rac1 
Bxd4 18. Rxd4 Qc7 ( 18. ... Qf6 = {Krasenkov} ) 19. e4 Qe5 20. Qd3 dxe4 
21. Rxe4 Rcd8 22. Rxe5 Rxd3 23. Rc2 Rc8 = 24. Kf1 Kf8 25. Ke2 Rd6 26. Rd2 
Ke7 27. Re3 Rxd2+ 28. Kxd2 Rc5 ( 28. ... f6 29. f4 Rd8+ = ) 29. Kc3 Rf5 
30. f3 h5 31. b4 {Nepresnost, protoze to dela pesce b6 trvale slabeho. 
Kdyz stojime proti pescove vetsine je casto lepsi nedelat oslabujici tahy 
pescem.} 31. ... a5? 32. a3 Kd6 33. Kd4 g5! {Cerny take se pokousi ziskat 
prostor a fixuje pesce f.} 34. Rd3 Re5 35. Kc3+ Kc7 36. Kd2 g4 37. Re3 {
BIly nabizi cernemu pescovou koncovku, ktera by se mu vubec nehodila.} ( 
37. f4 Re4 38. Kc3 Kc6 = ) 37. ... Rf5 {Pescova koncovka po } ( 37. ... 
Rxe3 38. Kxe3 gxf3 {je prohrana pro cerneho, jelikoz bily je schopen bud 
vytvorit dva volne pesce napriklad h2-h4 a potom g3-g4, nebo jestli cerny 
hraje ... f5 aby mohl ziskat pesce h5 s Kf4-g5: 39...axb4 40.axb4 e5 } 39.
 Kxf3 axb4 40. axb4 e5 ( 40. ... Kd6 41. h4 f5 42. Kf4 +- ) 41. g4 hxg4+ 
42. Kxg4 +- ) 38. Ke2 axb4 ( 38. ... gxf3+ 39. Rxf3 Re5+ 40. Re3 Rf5 = 41.
 Re4 {Bily ma minimalni vyhodu pro lepsi pescovou strukturu, ale s presnou
obranou hra by mela skocit remizou. } ) 39. axb4 Kd6 ( 39. ... gxf3+ 40. 
Rxf3 Re5+ 41. Kd2 f5 42. Rf4 += ) 40. Rd3+ Kc6 41. f4 D h4 {Cerny musi 
aktivovat vez a hledat protihru na sloupci h. Jak je caste je aktivni 
protihra dostatecna pro remizu kdyz obe strany maji stejny pocet pescu a 
hraji presne. } 42. Ke3 hxg3 43. hxg3 Rh5 44. Kd4 Rh1 45. Ke5 Rc1?! {Cerny
nehraje presne. Ztraci dulezite tempo v obrannem boji. Lepsi tah je } ( 
45. ... Rf1 {Krasenkov} 46. Rd6+ Kc7 47. Rd2 Rg1 48. Rd3 Rf1 = 49. Kf6 Rf3
50. Rd4 Rxg3 51. Kxf7 Re3 = ) 46. Kf6 Rxc4 ( 46. ... Rf1 {Krasenkov} 47. 
Re3! {Bily ziska pesce f a e, po cemz se f4 stava sila:} ( 47. Kxf7?! Rf3 
48. Rd8 e5 {s dobrymi sancemi na remizu} ) 47. ... Rf3 48. Re4 Rxg3 49. 
Kxf7 Rg1 ( 49. ... Rf3 50. Kxe6 g3 51. f5 g2 52. Rg4 +- ) 50. Rxe6+ Kc7 
51. f5 Rf1 52. f6 g3 53. Re2 Rf2 54. Re3 +- ) 47. Kxf7 Re4 48. Ke7 Kb5 ( 
48. ... Rxb4 49. Kxe6 b5 ( 49. ... Re4+ 50. Kf5 Ra4 51. Kxg4 b5 52. Kg5 b4
53. g4 +- ) 50. f5 Re4+ 51. Kf7 b4 52. f6 Kc5 53. Kg7 +- ) 49. Rd6 Re3 50.
 Rxe6 D {Najdete jedinou cestu k remize pro cerneho. Musite analyzovat 
dusledky presne. } 50. ... Rxg3? {Ve skutecnosti tento tah vypada velmi 
prirozene, ale ma nevyhodu ze bily pesec f muze nyni postupovat.} ( 
50. ... Rf3! {by bylo nutne a zachranilo by partii jedinym tempem. Jiste 
toto neni snadne spocitat, ale jak jiz zmineno, je velmi casto spravna 
idea umistit vez za volneho pesce.} 51. Rg6 ( 51. Re4 Ka4 52. Ke6 Rxg3 53.
 f5 ( 53. b5+ Kxb5 54. f5 Rg1 55. f6 g3 56. Re5+ Kc4 57. f7 Rf1 = ) 
53. ... Rg1 54. f6 g3 55. f7 Rf1 56. Rg4 ( 56. b5+ Kxb5 57. Rg4 Kc5 58. 
Rxg3 Rxf7 59. Kxf7 b5 60. Ke6 b4 61. Ke5 Kc4 = ) 56. ... b5 57. Ke7 g2 58.
 f8=Q ( 58. Rxg2 Kxb4 59. Rg6 Rxf7+ 60. Kxf7 Kc3 = ) 58. ... Rxf8 59. Kxf8
g1=Q 60. Rxg1 Kxb4 61. Ke7 Kc4 62. Ke6 b4 = D {Toto je typicka remizova 
pozice v boji mezi vezi a pescem. Cerny kral drzi bileho krale bocni 
opozici, nazyvane take bodycek, branici pred priblizenim k cernemu volnemu
pesci. Jestli by cerny kral byl na a4, bily by bez potizi vyhral: } ) ( 
51. Re5+ Kxb4 52. f5 Rxg3 53. f6 Rf3 54. f7 b5 55. Ke6 Rxf7 56. Kxf7 Kc4 =
) 51. ... Re3+! {Presny mezisach, po kterem bily kral musi obsadit mene 
vyhodnou pozici: } 52. Kf8 Rxg3 53. f5 Rf3 54. f6 Kxb4 55. f7 b5 56. Ke7 
Rxf7+ 57. Kxf7 Kc3 58. Ke6 b4 = {Bily uz nema sance ziskat pesce b.} ) 51.
 f5 +- Rf3 ( 51. ... Ra3 52. f6 Ra7+ 53. Kf8 Kxb4 54. Rxb6+ Kc5 55. Rb1 +-
) ( 51. ... Kxb4 52. f6 Rf3 53. Rxb6+ Kc5 54. Re6 +- ) 52. f6 g3 53. f7 g2
54. Rg6 Re3+ 55. Kf8 g1=Q ( 55. ... Rf3 56. Kg7 g1=Q 57. Rxg1 Kxb4 58. Rg6
Rxf7+ ( 58. ... b5 59. Rf6 Rg3+ 60. Kh6 Rh3+ 61. Kg5 Rh8 62. f8=Q+ Rxf8 
63. Rxf8 Kc4 64. Kf4 b4 65. Ke3 +- ) 59. Kxf7 b5 60. Ke6 Kc4 61. Ke5 {Bily
nyni dosahne bocni opozice a muze donutit cerneho krale pred vlastniho 
pesce } 61. ... b4 ( 61. ... Kc3 62. Kd5 b4 63. Rg3+ Kc2 64. Kc4 +- ) 62. 
Ke4 b3 63. Rc6+ Kb4 64. Kd3 +- ) 56. Rxg1 Kxb4 D {Co musi bily hrat aby 
ziskal rozhodujici tempo v koncovce vez proti pesci?} 57. Rf1! {zisk tempa
ktere vyhrava partii. Bily hrozi vyhrat okamzite 58.Kg7 Rg3+ 59.Kf6 a tak 
tak je cerny nucen dovolit bilemu krali na e7, kde bude vyborne umisten 
pro pristi boje proti pesci b.} ( 57. Kg7? {by ztratilo rozhodujici tempo,
jak je videt v nasledujici variante:} 57. ... Rf3 ( 57. ... Re7 58. Kf6 
Rxf7+ 59. Kxf7 b5 60. Ke6 Kc4 61. Rg4+ Kc3 ( 61. ... Kc5 62. Ke5 b4 63. 
Ke4 Kc4 64. Rg8 Kc3 65. Rc8+ Kd2 66. Rb8 Kc3 67. Ke3 b3 68. Rc8+ Kb2 69. 
Kd3 +- ) 62. Kd5 b4 63. Rg3+ Kc2 64. Kc4 b3 +- ) 58. f8=Q+ Rxf8 59. Kxf8 
b5 60. Ke7 Kc3 61. Kd6 b4 62. Kc5 b3 63. Rg3+ Kc2 64. Kc4 b2 65. Rg2+ Kb1 
= D {Toto je takticky tah, ktery vynuti pat po } ( 65. ... Kc1 66. Kc3 
b1=N+ 67. Kd3 Na3 68. Ra2 Nb5?? ( 68. ... Nb1! = ) 69. Ra6 +- {cerny 
jezdec je chycen} ) 66. Kc3 Ka1 67. Rxb2 ) 57. ... Ra3 58. Ke7 Ra8 59. 
f8=Q Rxf8 60. Rxf8 1-0